| 000 | 00445cam a2200169ua 4500 | ||
|---|---|---|---|
| 020 | _c1.25 | ||
| 041 |
_amal _h |
||
| 082 |
_a894.81209 _bBAL/NO |
||
| 100 | _aBalakrishna Pillai, A . | ||
| 245 |
_aNovel prasthanangal / _cA.Balakrishna Pillai. _hTextual Documents |
||
| 260 |
_aKottayam : _bSahitya Pravarthaka Co-operative Society , _c1965. |
||
| 300 | _a77 ; . | ||
| 365 | _a1.25 | ||
| 504 | _a | ||
| 942 | _cBK | ||
| 999 |
_c6550 _d6550 |
||